Visita a la colonia del nuevo Santander, hecha por el licenciado don Lino Nepomuceno Gómez, el año de 1770 (Record no. 5959)
[ view plain ]
| 000 -CABECERA | |
|---|---|
| campo de control de longitud fija | 01009nam a2200253 a 4500 |
| 001 - NÚMERO DE CONTROL | |
| campo de control | BRCA_6272 |
| 005 - FECHA Y HORA DE LA ÚLTIMA TRANSACCIÓN | |
| campo de control | 20190320205408.0 |
| 008 - DATOS DE LONGITUD FIJA--INFORMACIÓN GENERAL | |
| campo de control de longitud fija | 290711s1942----mx-#######---#000-0#spa-# |
| 041 ## - CÓDIGO DE LENGUA | |
| Código de lengua del texto/banda sonora o título independiente | spa |
| 044 ## - CÓDIGO DEL PAÍS DE LA ENTIDAD EDITORA/PRODUCTORA | |
| Código MARC del país | mx |
| 050 #4 - SIGNATURA TOPOGRÁFICA DE LA BIBLIOTECA DEL CONGRESO | |
| Número de clasificación | F1356 |
| Número de documento/Ítem | .V57 1942 |
| 245 10 - MENCIÓN DE TÍTULO | |
| Título | Visita a la colonia del nuevo Santander, hecha por el licenciado don Lino Nepomuceno Gómez, el año de 1770 |
| Mención de responsabilidad, etc. | Lino Nepomuceno Gómez ; introducción de Enrique A. Cervantes. |
| 260 ## - PUBLICACIÓN, DISTRIBUCIÓN, ETC. | |
| Lugar de publicación, distribución, etc. | México |
| Nombre del editor, distribuidor, etc. | [Imp. Grafos] |
| Fecha de publicación, distribución, etc. | 1942 |
| 300 ## - DESCRIPCIÓN FÍSICA | |
| Extensión | 71 p. |
| Dimensiones | 27 cm. |
| 500 ## - NOTA GENERAL | |
| Nota general | Contribución de la Secretaría de Agricultura y Fomento, al V Congreso Mexicano de Historia, efectuado en la ciudad de Guadalajara, durante los dias del 1o. al 8 de febrero de 1942 |
| 500 ## - NOTA GENERAL | |
| Nota general | C180 |
| 651 #4 - PUNTO DE ACCESO ADICIONAL DE MATERIA--NOMBRE GEOGRÁFICO | |
| Nombre geográfico | Tamaulipas |
| Subdivisión general | Historia |
| 9 (RLIN) | 8190 |
| 651 #4 - PUNTO DE ACCESO ADICIONAL DE MATERIA--NOMBRE GEOGRÁFICO | |
| Nombre geográfico | Nuevo Santander |
| Subdivisión general | Historia |
| 9 (RLIN) | 10512 |
| 700 1# - PUNTO DE ACCESO ADICIONAL--NOMBRE DE PERSONA | |
| Nombre de persona | Gómez, Lino Nepomuceno |
| 9 (RLIN) | 15736 |
| 700 1# - PUNTO DE ACCESO ADICIONAL--NOMBRE DE PERSONA | |
| Nombre de persona | Cervantes, Enrique A. |
| 9 (RLIN) | 383 |
| 710 2# - PUNTO DE ACCESO ADICIONAL--NOMBRE DE ENTIDAD CORPORATIVA | |
| Nombre de entidad corporativa o nombre de jurisdicción como elemento de entrada | Secretaría de Agricultura y Fomento (México) |
| 9 (RLIN) | 15737 |
| 902 ## - CATALOGADOR | |
| Iniciales | GFM |
| 942 ## - ELEMENTOS DE PUNTO DE ACCESO ADICIONAL (KOHA) | |
| Fuente del sistema de clasificación o colocación | Library of Congress Classification |
| Tipo de ítem Koha | Libros |
| Estado de retiro | Estado de pérdida | Estado dañado | No para préstamo | Localización permanente | Ubicación/localización actual | Fecha de adquisición | Número de inventario | Total de préstamos | Signatura topográfica completa | Código de barras | Fecha visto por última vez | Precio válido a partir de | Tipo de ítem Koha |
|---|---|---|---|---|---|---|---|---|---|---|---|---|---|
| El ejemplar forma parte de la colección y puede ser consultado según las políticas vigentes. | Biblioteca del Museo Franz Mayer (Rogerio Casas-Alatriste) | Biblioteca del Museo Franz Mayer (Rogerio Casas-Alatriste) | 29/07/2011 | C180 | F1356 .V57 1942 (C180) | 6711 | 22/03/2019 | 22/03/2019 | Libros |